00640nam a2200193 a 450000100100000000500170001000800410002702000150006804000250008310000290010824500620013726000420019930000350024149000160027683000230029204900090031595201050032499900170042900003450220200930073733.0111005s2007 ko ac 000 0 spa d a8992162022 aDO-SdBNPbspacBNPHU1 aChʻoe, Chun-sik.95994610aUnderstanding Koreans and their culture /cChoi Joon-sik. aSeoul :bThe Korea Foundation,c2007. a232 p. :bil.,retrs. ;c21 cm.1 aKorea story 0aKorea story959947 aBNPD 001050718MOaGRbGRcCTd2011-10-05iLF1l0o p34502-10r2020-06-25w2020-06-25y1ZNo se presta c33993d33993